000 00899nam a2200253Ia 4500
003 OSt
005 20201207185950.0
008 191128t1971 fr fr 000 0 fre d
040 _aCO-JMCR
_cCO-JMCR
041 0 _afre
082 0 4 _a330.015195 /
_bM134l
_223
100 1 _aMaillet, Pierre,
_eautor
_95447
245 1 0 _aL'économétrie /
_cPierre Maillet
250 _aDeuxiéme édition
260 _aParis :
_bPresses Universitaires de France,
_c©1971
300 _a127 páginas ;
_c18 cm.
490 0 _aEncyclopédique. Que sais-je?
504 _aBibliografía: páginas 126-127
505 0 _aLes modéles -- Les ajustements statistiques -- L'économétrie de la production -- L'économétrie de la demande -- Austres examples de modéles partiels
650 1 4 _aEconometría
_95448
650 1 4 _aModelos matemáticos
_91740
650 1 4 _aModelos econométricos
_95178
942 _2ddc
_cBK
999 _c5357
_d5357